Statistics for Top Five by Category Quiz #2

Click here to take the quiz!

General Stats

  • This quiz has been taken 51 times
  • The average score is 22 of 30

Answer Stats

Hint#Answer% Correct
Countries by population1China
100%
Countries by population3United States
100%
Southernmost countries3Australia
100%
Countries by population2India
100%
Countries with most Winter Olympics medals2United States
100%
Southernmost countries4New Zealand
98%
Countries with most Winter Olympics medals1Norway
93%
Southernmost countries2Argentina
89%
Most populous capitals*1Tokyo
87%
Countries with most Winter Olympics medals3Germany
84%
Countries with most Winter Olympics medals5Canada
84%
Southernmost countries1Chile
84%
Southernmost countries5South Africa
84%
Countries by population4Indonesia
82%
Most populous capitals*5Mexico City
80%
Most populous capitals*2Jakarta
80%
Largest islands4Madagascar
76%
Largest islands1Greenland
76%
Formula One Drivers with most wins1Michael Schumacher
73%
Countries by population5Pakistan
69%
Countries with most Winter Olympics medals4Austria
62%
Most populous capitals*3Manila
62%
Most populous capitals*4Seoul
58%
Formula One Drivers with most wins2Lewis Hamilton
56%
Largest islands3Borneo
53%
Largest islands5Baffin Island
49%
Largest islands2New Guinea
40%
Formula One Drivers with most wins5Ayrton Senna
36%
Formula One Drivers with most wins3Sebastian Vettel
29%
Formula One Drivers with most wins4Alain Prost
22%

Score Distribution

Percentile by Number Answered

Percent of People with Each Score

Your Score History

You have not taken this quiz